000 00819nam a22001937a 4500
003 NALT
005 20260206135112.0
008 s2558 th tha d
040 _aNALT
041 _atha
050 _aDS 578.32
_bช282บ 2558
245 0 0 _aบันทึกสัมภาษณ์พิเศษ พลเอกชวลิต ยงใจยุทธ ในรายการพีชทีวี สเปเชี่ยล เมื่อวันที่ 29 เมษายน 2558.
260 _aม.ป.ท. :
_bม.ป.พ.,
_c2558.
300 _a32 หน้า :
_bภาพประกอบ ;
_c28 ซม.
600 0 4 _aชวลิต ยงใจยุทธ
_917359
_xสัมภาษณ์
850 _aNALT
942 _cGB
_2lcc
996 _asaiphon.d
_bCATSTF
_c2026-02-06
999 _c74650
_d74650
998 _j104
_k นางสาวสายฝน ดีงาม